000 00610nam a2200193 a 4500
005 20241203063743.0
008 120810s2004 mx r 000 0 spa d
020 _a968514236X
035 _aUPN01000186078
049 _aI
050 4 _aQE862.1 D5
_bA5.4
245 0 0 _aAnimales prehistóricos /
_brevision técnica Héctor Arita Watanabe.
260 _aMéxico :
_bLa Vasija :
_bCorreo del Maestro,
_cc2004.
300 _a48 p. :
_bil. col.
440 0 _aEspecies extintas
650 4 _aDinosaurios
_vLiteratura infantil
_99370
650 4 _aPALEONTOLOGIA -
_vLITERATURA INFANTIL
_95270
905 _aInfantil
999 _c158181
_d158181